Najmniej rozwinięte państwa Europy - Statystyki

Ogólne statystyki
  • Ten quiz został rozwiązany 137 razy
  • Średni wynik to 4 z 6
Statystyki odpowiedzi
Poziom rozwiniecia Kraj % Poprawnych
5.0 Białoruś
95%
5.2 Ukraina
95%
4.9 Mołdawia
88%
5.0 Rosja
80%
4.7 Bosnia
76%
4.9(9) Czarnogóa
2%
Nie znaleziono quizów pasujących do podanych kryteriów
Rozkład punktacji
Procent ludzi z każdym wynikiem
Percentyl według liczby udzielonych odpowiedzi
Twoja historia wyników
Nie rozwiązałeś tego quizu